何すか - Statistics

General Stats
  • This quiz has been taken 398 times
  • The average score is 4 of 15
Answer Stats
Hint Answer % Correct
三浦半島に位置する軍港 横須賀
93%
日本の歴史区分の1つで592〜710年をさす 飛鳥
84%
アメリカ最北端の州、最大都市はアンカレッジ アラスカ
76%
砂利の色分けによって描かれた幾何学図形や動植物の絵の総称 ナスカ
49%
アメリカ中西部の州、州都はリンカーンで最大の都市はオマハ ネブラスカ
45%
ポーランドのポーランド語名 ポルスカ
30%
日本の氏族でかつての徳島藩主 蜂須賀
30%
ジャマイカ発祥のポピュラー音楽 スカ
20%
かつて静岡県小笠郡にあった町 大須賀
15%
大阪府河南町にある古墳文化に関する博物館の名称、また羽曳野市、太子町の二上山西側の山麓一帯 近つ飛鳥
3%
2017年に放送されたアニメ、すかすか 終末なにしてますか? 忙しいですか? 救ってもらっていいですか?
2%
産業、特に農業を通して、世界の友好と平和の実現を目指す日本の民間団体 オイスカ
1%
アメリカ北西部のスキーリゾート、76コースものスキーコースがある アリエスカ
0%
新約聖書に登場するギリシャ語の人名 プリスカ
0%
スロベニア南部の地方で中心都市はノヴァ・メスト ドレンスカ
0%
No matching quizzes found
Score Distribution
Percent of People with Each Score
Percentile by Number Answered
Your Score History
You have not taken this quiz